000 01143nam a22002777a 4500
003 NALT
005 20251125233000.0
008 s2548 th tha d
020 _a9749337360
040 _aNALT
041 _atha
050 _aDS 588.S6
_bก389ย 2548
100 0 _aกันต์กวี
_957515
245 1 0 _aเย้ยอำนาจรัฐ..! ปล้นปืนสะท้านเมือง /
_cกันต์กวี.
260 _aกรุงเทพฯ :
_bอนิเมทกรุ๊ป,
_c2548
300 _a134 หน้า ;
_c21 ซม.
650 0 4 _aขบวนการโจรก่อการร้าย
650 0 4 _aปัญหาภาคใต้
650 0 4 _aการก่อการร้าย -- วิจัย
650 0 4 _aไทย (ภาคใต้) -- ปัญหาและข้อพิพาท
650 0 4 _a3 จังหวัดชายแดนภาคใต้
850 _aNALT
856 4 0 _uhttps://hdl.handle.net/20.500.14156/411834
942 _cGB
_2lcc
999 _c47228
_d47228
998 _j109
_k อารีรัตน์ วิชาช่าง